Названия созвездий на латинском языке - Statistics

General Stats
  • This quiz has been taken 6 times
  • The average score is 17 of 88
Answer Stats
Русский Латинский % Correct
Дракон Draco
75%
Близнецы Gemini
75%
Гидра Hydra
75%
Лев Leo
75%
Лира Lyra
75%
Большая Медведица Ursa Major
75%
Малая Медведица Ursa Minor
75%
Дева Virgo
75%
Андромеда Andromeda
50%
Водолей Aquarius
50%
Жертвенник Ara
50%
Рак Cancer
50%
Кит Cetus
50%
Ворон Corvus
50%
Дельфин Delphinus
50%
Золотая Рыба Dorado
50%
Геркулес Hercules
50%
Весы Libra
50%
Орион Orion
50%
Пегас Pegasus
50%
Персей Perseus
50%
Змея Serpens
50%
Орёл Aquila
25%
Овен Aries
25%
Большой Пёс Canis Major
25%
Цефей Cepheus
25%
Лебедь Cygnus
25%
Эридан Eridanus
25%
Ящерица Lacerta
25%
Малый Лев Leo Minor
25%
Волк Lupus
25%
Рысь Lynx
25%
Павлин Pavo
25%
Феникс Phoenix
25%
Рыбы Pisces
25%
Компас Pyxis
25%
Скорпион Scorpio
25%
Телец Taurus
25%
Паруса Vela
25%
Насос Antilla
0%
Райская Птица Apus
0%
Возничий Auriga
0%
Волопас Boötes
0%
Резец Caelum
0%
Жираф Camelopardalis
0%
Гончие Псы Canes Venatici
0%
Малый Пёс Canis Minor
0%
Козерог Capricornus
0%
Киль Carina
0%
Кассиопея Cassiopeia
0%
Центавр Centaurus
0%
Хамелеон Chamaeleon
0%
Циркуль Circinus
0%
Голубь Columba
0%
Волосы Вероники Coma Berenices
0%
Южная корона Corona Australis
0%
Северная Корона Corona Borealis
0%
Чаша Crater
0%
Южный Крест Crux
0%
Малый Конь Equuleus
0%
Печь Fornax
0%
Журавль Grus
0%
Часы Horologium
0%
Южная Гидра Hydrus
0%
Индеец Indus
0%
Заяц Lepus
0%
Столовая Гора Mensa
0%
Микроскоп Microscopium
0%
Единорог Monoceros
0%
Муха Musca
0%
Наугольник Norma
0%
Октант Octans
0%
Змееносец Ophiuchus
0%
Живописец Pictor
0%
Южная Рыба Piscis Austrinus
0%
Корма Puppis
0%
Сетка Reticulum
0%
Стрела Sagitta
0%
Стрелец Sagittarius
0%
Скульптор Sculptor
0%
Щит Scutum
0%
Секстант Sextans
0%
Телескоп Telescopium
0%
Треугольник Triangulum
0%
Южный Треугольник Triangulum Australe
0%
Тукан Tucana
0%
Летучая Рыба Volans
0%
Лисичка Vulpecula
0%
No matching quizzes found
Score Distribution
Percent of People with Each Score
Percentile by Number Answered
Your Score History
You have not taken this quiz